000
00249 a2200109 4500
001
81470
082
_a
425 UND
090
_c
39733
_d
39733
100
_a
Underhill A
245
_a
Use your Dictionary
260
_a
Oxford
_b
Oxford University press
_c
1980
942
_a
NUST-CAE
_k
425 UND
999
_c
316543
_d
316543